Statistics for pure imagination lyrics

Click here to take the quiz!

General Stats

  • This quiz has been taken 7 times
  • The average score is 128 of 157

Answer Stats

Answer% Correct
a
100%
and
100%
be
100%
come
100%
I
100%
imagination
100%
in
100%
me
100%
of
100%
pure
100%
see
100%
to
100%
truly
100%
with
100%
world
100%
you
100%
youll
100%
if
83%
is
83%
it
83%
take
83%
the
83%
want
83%
wish
83%
around
67%
change
67%
compare
67%
creation
67%
defy
67%
do
67%
explanation
67%
free
67%
into
67%
know
67%
life
67%
living
67%
look
67%
my
67%
no
67%
nothing
67%
paradise
67%
simply
67%
spin
67%
there
67%
traveling
67%
view
67%
well
67%
what
67%
will
67%
your
67%
begin
50%
boys
50%
breathe
50%
chocolate
50%
count
50%
gentleman
50%
girls
50%
hold
50%
ladies
50%
make
50%
room
50%
theres
50%
three
50%
really
33%

Score Distribution

Percentile by Number Answered

Percent of People with Each Score

Your Score History

You have not taken this quiz